Pays d'Asie par langue d'origine - Statistiques

Statistiques générales
  • Ce quiz a été pris 49 fois
  • Le résultat moyen est 27 sur 49
Statistiques - réponses
Pays dans la langue d'origine Pays en Français % Correct
Indonesia Indonésie
93%
Malaysia Malaisie
93%
Singapore Singapour
93%
Türkmenistan Turkménistan
93%
Azərbaycan Azerbaïdjan
89%
Tükiye Turquie
89%
Việt Nam Vietnam
89%
Negara Brunei Darussalam Brunei
85%
Pilipinas Philippines
85%
Timor Lorosa'e Timor oriental
81%
한국 Corée du Sud
78%
Қазақстан Kazakhstan
78%
中国 Chine
74%
日本 Japon
74%
조선 Corée du Nord
70%
台湾 Taïwan
67%
العراق Irak
63%
الإمارات العربية المتحدة Émirats arabes unis
63%
ايران Iran
63%
יִשְׂרָאֵל Israël
56%
سُورِيَا Syrie
56%
السعودية Arabie Saoudite
52%
الْبَحْرَيْن Bahreïn
52%
Кыргызстан Kirghizistan
52%
لبنان Liban
52%
عُمَان Oman
52%
Ўзбекистон Ouzbékistan
52%
قطر Qatar
52%
Тоҷикистон Tadjikistan
52%
اليَمَن Yémen
52%
Монгол Улс Mongolie
48%
नेपाल Népal
44%
ประเทศไทย Thaïlande
44%
Κύπρος Chypre
41%
افغانستان Afghanistan
37%
বাংলাদেশ Bangladesh
37%
الأردن Jordanie
37%
الكويت Koweït
37%
ປະເທດລາວ Laos
37%
საქართველო Géorgie
33%
भारत Inde
33%
ਪਾਕਿਸਤਾਨ Pakistan
33%
Հայաստան Arménie
30%
འབྲུག་ཡུལ་ Bhoutan
30%
މޯލްޑިވްސް އެވެ Maldives
30%
ශ්‍රී ලංකා Sri Lanka
30%
កម្ពុជា Cambodge
26%
فلسطين Palestine
26%
မြန်မာ Myanmar
19%
Aucun quiz correspondant
Distribution des résultats
% des personnes avec chaque résultat
Percentile par nombre de réponses
Votre historique - résultats
Vous n’avez pas pris ce quiz